00571nom a22001337a 450000500170000000800410001704100080005808200150006624500150008150002800009665000150037665000210039165000250041220220608181827.0190718b xxu||||| |||| 00| 0 spa d aESP aPie herido aPie herido aRéplica de pie de un paciente de 80 años, con veinte condiciones entre las cuales se encuentran heridas, úlceras por presión, amputación, gangrena, uñas engrosadas por hongos, ampollas y anomalías, entre otras. Se prestan para el mismo día, hasta las 7:50 pm aPIE HERIDO aPERSONAS MAYORES aMODELOS ANATÓMICOS